• 首页
  • 本馆介绍
  • 公告通知
  • 最新文献
  • 馆藏检索
  • 电子资源
  • 读者导购
  • 参考咨询
  • 我的图书馆
  • 登录
  • 详细信息显示
  • 放入我的书架
  • 预约/预借图书
  • 作者相关作品
  • 分类相关作品
  • 丛书相关作品
  • 出版社相关作品

书目信息

  • 表格格式
  • 工作单格式
  • 卡片格式
书名: Mao Tse-Tung: On new democracy
作者:
分册号:
分册名:
出版地: Peking :
 
出版社: Foreign Languages Press
出版时间: 1967.
页数: 189 p. :
开本: 19 cm.
丛书名:
中图分类号:
科图分类号:
其他分类号: A41
主题词:
电子资源:
000 00900cam a2200241 450
001 E0738689692
005 20070726084614.89
008 710929s1967 cc c 000 0 eng
010    @a79262005
035    @A(DLC) 79262005
040    @aDLC@cDLC@dDLC
041 1  @aeng@hchi
050 00 @aDS778.M3@bA51564
090    @aA41
099    @dA41@ex17
100 1  @aMao, Zedong,@d1893-1976.
240 10 @aSelections.@lEnglish.@f1967
245 00 @aMao Tse-Tung: On new democracy :@bTalks at the Yenan forum on literature and art, On the correct handling of contradictions among the people, Speech at the Chinese Communist Party’s National Conference on Propaganda Work.
250    @a[1st ed.].
260    @aPeking :@bForeign Languages Press,@c1967.
300    @a189 p. :@bport. ;@c19 cm.
906    @a7@bcbc@corignew@d4@encip@f19@gy-gencatlg
991    @bc-GenColl@hDS778.M3@iA51564@p00012480672@tCopy 1@wBOOKS
    
    Mao Tse-Tung: On new democracy : : Talks at the Yenan forum on literature and art, On the correct handling of contradictions among the people, Speech at the Chinese Communist Party’s National Conference on Propaganda Work.-[1st ed.].-Peking : : Foreign Languages Press, , 1967.
    189 p. : : port. ; ; 19 cm.
    
    
    ISBN
    
●
相关链接 在E读中查询图书 在五车中查询图书 在当当中查询图书 在豆瓣中查询图书


正题名:Mao Tse-Tung: On new democracy     索取号:A41/x17         预约/预借

序号 登录号 条形码 馆藏地/架位号 状态 备注
1 0000115   300001156   第四借阅区/ [索取号:A41/x17] 在馆    
2 13848   300138483   密集书库/ [索取号:A41/x17] 在馆    
唐山师范学院图书馆 欢迎您!
大连网信软件有限公司© 版权所有